000 02031nam a22002417a 4500
999 _c100130
_d100130
005 20220714105256.0
010 _aENG-115230
020 _a9789351509141
_c750.00
035 _aEN-98762
037 _bDBAD/PUB
082 0 0 _a305.40954
245 1 0 _aRoad to rights :
_bwomen, social security and protection in India /
_cedited by Priti Darooka
260 _aNew Delhi
_bSAGE Publications
_c2016
270 _aB1/I-1 Mohan Cooperative Industrial Area, Mathura Road
_bNew Delhi
_e110044
300 _axv,228p.
_c23cm(Hb)
500 _aIncludes bibliographical references.
505 _aPreface -- Priti darooka -- Acknowledgements -- Introduction / Dr. N.C. Saxena -- Conceptual framework -- A society which cares : a framework for universal social protection / Harsh Mander -- Unpacking social protection from a women's rights lens / Sejal Dand -- The human right to social protection and the post-2015 development agenda / Dr. Timo Voipio -- Missing dimension -- Social protection for women workers : with special reference to unpaid domestic workers / Indira Hirway -- Women's invisibility as workers / Aasha Kapur Mehta -- Livelihood security critical for women's social security / Nalini Nayak -- Unpacking social security -- Social pensions : the real aadhar for the niradhar / Anjor Bhaskar -- Our secure beliefs and their insecure lives : sex workers organize for change / Shubha Chacko, Gowri Vijayakumar, Subadra Panchanadeswaran -- Food and nutrition security in India : challenges ahead / Biraj Patnaik -- Maternity entitlements in India : an overview / Yamini Atmavilas -- Strengthening NREGA from a gender perspective : learnings from the field / Subhalakshmi Nandi -- Women and social security : convergence model of delivery / Rashmi Singh -- About the editor and contributors -- About pwescr.
650 _a Women
_zIndia
_xSocial conditions.
650 _a Social security
_zIndia.
650 _aWomen's rights
_zIndia.
700 _aDarooka, Priti
942 _2ddc
_cEN
_h305.40954
_mROA